Introduction to hospitality

Đã lưu trong:
Chi tiết về thư mục
Tác giả chính: WALKER, John R
Định dạng: Sách
Ngôn ngữ:Tiếng Anh
Được phát hành: Pearson Education 2017
Các nhãn: Thêm thẻ
Không có thẻ, Là người đầu tiên thẻ bản ghi này!

MARC

LEADER 00000nam a22000007a 4500
008 201210b ||||| |||| 00| 0 eng d
020 |a 978-0-133-76276-1 
100 |a WALKER, John R 
245 |a Introduction to hospitality  |c John R. Walker  |g 653p.; ill 
250 |b 7th ed. 
260 |b Pearson Education  |c 2017  |h Harlow, England  |i 691327  |l TX911.3 .W15  |m Hospitality industry – Management – Textbooks 
500 |a It includes bibliographical references and index 
942 |a lcc  |c BK  |e Kuteyi M. A.  |f 10/12/2020 
952 |0 0  |1 0  |2 lcc  |4 0  |6 TX09113 W15  |7 0  |9 336  |a HOL  |b HOL  |c QZ  |d 2020-12-10  |l 0  |o TX911.3 .W15  |p 2020-2071  |r 2020-12-10 00:00:00  |w 2020-12-10  |y BK 
999 |c 157  |d 157